000 00489nam a2200193Ia 4500
005 20240823021155.0
008 240823s9999||||xx |||||||||||||| ||und||
020 _a81-7629-699-6
041 _aENGLISH
082 _A004 P5
100 _aVerma S B
245 0 _aInformation Technology and Management
250 _a1st
260 _c2005
_b"Deep and Deep, New "
_aNew Delhi
500 _aYES
650 _aInformation Technology
_bManagement Studies
942 _cBK
999 _c176457
_d176457